000
00334 a2200109 4500
001
ART_42202
005
20260410161806.0
008
260409a
245
1
0
_a
Régimen sancionatorio de la sindicatura
100
1
_a
Arduino, Augusto H.L.
773
0
_t
Doctrina Societaria y Concursal
_g
- Nº 296 (jul. 2012)
_w
REV4298
999
_c
21046
_d
21046